| 000 | 00868cam a2200253 a 4500 | ||
|---|---|---|---|
| 001 | 000007282 | ||
| 005 | 20200929154123.0 | ||
| 008 | 950327s1993 sp b 001 0dspa | ||
| 020 | _a8423973085 | ||
| 040 |
_aDO-SdBNP _cDLC |
||
| 082 |
_a920 _bA773g |
||
| 100 | 1 |
_aArrabal, Fernando, _d1932- _920214 |
|
| 245 | 1 | 0 |
_aGenios y Figuras : _bmis idolatrados genios / _cFernando Arrabal ; prólogo, Ángel Berenguer. |
| 260 |
_aMadrid : _bEspasa Calpe, _c1993. |
||
| 300 |
_a219 p. ; _c18 cm. |
||
| 490 | 1 | _aAustral | |
| 490 | 1 | _aLiteratura/contemporáneos | |
| 504 | _aIncluye referencias bibliográficas. | ||
| 650 | 4 |
_aAutores _ySIGLO XX _xBiografías _920215 |
|
| 650 | 4 |
_aPersonas superdotadas _xBiografías _920216 |
|
| 700 | 1 |
_aBerenguer, Ángel, _epról. _915544 |
|
| 830 | 0 |
_aAustral ; _pLiteratura/contemporáneos. _920217 |
|
| 910 | _aCatalogación por copia / LC | ||
| 999 |
_c7063 _d7063 |
||